000 00340nam a22001457a 4500
008 190129b xxu||||| |||| 00| 0 eng d
020 _a0070796890
041 _aeng
080 _a616.5
082 _23 th
_a616.5
100 _a7
101 _aDER
245 _aDermatology in general medicine
_cFitzpatrick B Thomas
942 _2udc
_cBK
999 _c53872
_d53872